00583nam a22001937a 450000500170000001000310001702000260004803500310007403700170010503700120012208200100013410000180014424500890016225000080025126000290025927000600028830000220034870000190037020130717145824.0 aB-508950-951 B-515924-940 a9788131761823c225.00 aB-508952-953 B-515924-940 adplbKBD/Ven bUBH/Ven a488.1 aThorpe, Edgar aBasic Vocabulary:cby Edgar Thorpe and Showick Thorpebfor competitive examinations/ a2nd aNew DelhibPearsonc2012 a11 Community Centre, Panchsheel ParkbNew Delhie110017 a6.42p.c22cm(pbk) dThorpe Showick